[Event "Mittelfranken-chTB2a 1516"]
[Site "Mittelfranken"]
[Date "2016.04.17"]
[Round "9.2"]
[White "Lechner, Hans Dieter"]
[Black "Koerber, Christian"]
[Result "1-0"]
[WhiteElo "1778"]
[BlackElo "1671"]
[PlyCount "45"]
[EventDate "2015.10.18"]
[EventType "team-tourn"]
[EventRounds "9"]
[EventCountry "GER"]
[SourceTitle "EXT 2020"]
[Source "ChessBase"]
[SourceDate "2019.10.17"]
[SourceVersion "1"]
[SourceVersionDate "2019.10.17"]
[SourceQuality "1"]
[WhiteTeam "Bechhofen II"]
[BlackTeam "Nuernberg Sued SW IV"]
[WhiteTeamCountry "GER"]
[BlackTeamCountry "GER"]

1. e4 b6 2. Nf3 Bb7 3. Nc3 e6 4. d4 Bb4 5. Bd3 Nf6 6. Qe2 d5 7. exd5 Nxd5 8. Bd2 0-0 9. 0-0 Nf6 10. Rad1 Re8 11. Ne4 Bxd2 12. Rxd2 Nxe4 13. Bxe4 Bxe4 14. Qxe4 Qd5 15. Qf4 Qd6 16. Ne5 Re7 17. Qe4 Qd5 18. Qh4 f6 19. c4 Qb7 20. Re1 g5 21. Qh6 f5 22. Qxg5+ Kf8 23. Qf6+ 1-0

[Event "Mittelfranken-chTB2a 1415"]
[Site "Mittelfranken"]
[Date "2015.02.08"]
[Round "6.2"]
[White "Hofer, Stefan1111"]
[Black "Lechner, Hans Dieter"]
[Result "1-0"]
[WhiteElo "1870"]
[BlackElo "1778"]
[PlyCount "101"]
[EventDate "2014.09.28"]
[EventType "team-tourn"]
[EventRounds "9"]
[EventCountry "GER"]
[SourceTitle "EXT 2020"]
[Source "ChessBase"]
[SourceDate "2019.10.17"]
[SourceVersion "1"]
[SourceVersionDate "2019.10.17"]
[SourceQuality "1"]
[WhiteTeam "Cadolzburg"]
[BlackTeam "Bechhofen II"]
[WhiteTeamCountry "GER"]
[BlackTeamCountry "GER"]

1. c4 Nf6 2. Nc3 e6 3. g3 d5 4. d4 dxc4 5. Bg2 c6 6. Nf3 Nbd7 7. a4 Nd5 8. e4 Nxc3 9. bxc3 Nf6 10. Ne5 Bd7 11. Nxc4 b5 12. Ne3 Rc8 13. 0-0 a6 14. c4 bxc4 15. Nxc4 Be7 16. Bd2 0-0 17. Ba5 Qe8 18. Qd3 Rb8 19. Nb6 Bc8 20. Rfb1 Bb7 21. Nc4 Qc8 22. Bb6 Nd7 23. Ba7 Ra8 24. Nb6 Nxb6 25. Bxb6 Qd7 26. Qc3 Bd8 27. a5 Be7 28. Bc5 Rfc8 29. Ra4 Bd8 30. Rb3 Be7 31. Rab4 Bxc5 32. Qxc5 Rc7 33. Rb6 h6 34. Bf1 Qc8 35. f4 Rd7 36. Bc4 Rc7 37. Kf2 Qd7 38. Ke3 Ra7 39. Rb2 Ra8 40. Rf2 Qe7 41. Qxe7 Rxe7 42. Rfb2 Ra7 43. Bb3 Rc7 44. Ba4 Kf8 45. Rc2 Ra8 46. Bxc6 Rac8 47. Bxb7 Rxc2 48. Bxc8 Rxc8 49. Kd3 g6 50. Rxa6 Rc1 51. Rb6 1-0

[Event "Mittelfranken-chTB2a 1314"]
[Site "Mittelfranken"]
[Date "2014.01.12"]
[Round "4.6"]
[White "Lechner, Hans Dieter"]
[Black "Muenster, Manfred"]
[Result "1-0"]
[WhiteElo "1778"]
[BlackElo "1875"]
[PlyCount "61"]
[EventDate "2013.10.20"]
[EventType "team-tourn"]
[EventRounds "9"]
[EventCountry "GER"]
[SourceTitle "EXT 2020"]
[Source "ChessBase"]
[SourceDate "2019.10.17"]
[SourceVersion "1"]
[SourceVersionDate "2019.10.17"]
[SourceQuality "1"]
[WhiteTeam "Bechhofen II"]
[BlackTeam "Heilsbronn"]
[WhiteTeamCountry "GER"]
[BlackTeamCountry "GER"]

1. e4 c6 2. d4 d5 3. Nc3 g6 4. Nf3 Bg7 5. Bd3 dxe4 6. Bxe4 Nf6 7. Be3 Nbd7 8. Qd2 Nxe4 9. Nxe4 Nf6 10. Nxf6+ Bxf6 11. Bh6 Qd5 12. Qf4 Bf5 13. c3 Bd3 14. 0-0-0 Qxa2 15. Rxd3 Qa1+ 16. Kc2 Qxh1 17. Re3 0-0-0 18. Qg4+ e6 19. Re1 Qxe1 20. Nxe1 Rd7 21. Nd3 b6 22. Qf3 Bd8 23. Qxc6+ Rc7 24. Qa8+ Kd7 25. Ne5+ Ke7 26. Qf3 Ke8 27. Qa8 Ke7 28. Ng4 Kd7 29. Bf4 Rc8 30. Ne5+ Ke8 31. Qxc8 1-0

[Event "Mittelfranken-chTB2b 0809"]
[Site "Mittelfranken"]
[Date "2009.02.08"]
[Round "6.2"]
[White "Regnat, Markus"]
[Black "Lechner, Hans Dieter"]
[Result "1-0"]
[WhiteElo "2020"]
[BlackElo "1787"]
[PlyCount "87"]
[EventDate "2008.10.12"]
[EventType "team"]
[EventRounds "9"]
[EventCountry "GER"]
[SourceTitle "EXT 2011"]
[Source "ChessBase"]
[SourceDate "2010.11.26"]
[SourceVersion "1"]
[SourceVersionDate "2010.11.26"]
[SourceQuality "1"]
[WhiteTeam "Neumarkt"]
[BlackTeam "Bechhofen II"]
[WhiteTeamCountry "GER"]
[BlackTeamCountry "GER"]

1. e4 c5 2. Nc3 e6 3. f4 d5 4. Bb5+ Nc6 5. Nf3 d4 6. Ne2 Nf6 7. Bxc6+ bxc6 8. d3 Ba6 9. b3 Be7 10. Ne5 Qc7 11. 0-0 Nd7 12. Nf3 Nf6 13. Ng3 h6 14. Ne5 Bd6 15. Nxf7 Qxf7 16. e5 Be7 17. exf6 gxf6 18. Re1 f5 19. Qf3 Kd7 20. Ba3 Bd6 21. Nf1 Rag8 22. Re2 Rg4 23. g3 Rhg8 24. Rae1 Rxf4 25. Qg2 Rg6 26. gxf4 Rxg2+ 27. Rxg2 Bc8 28. Bc1 Kc7 29. Bd2 Qf6 30. Ng3 Qh4 31. Ne2 Qf6 32. Rg8 Bd7 33. Rf1 Qf7 34. Rg3 Be7 35. Rg2 h5 36. h3 h4 37. Kf2 Qf6 38. Rfg1 Bf8 39. Rg6 Qf7 40. Ba5+ Kb7 41. Bd8 Qe8 42. Bf6 Kb6 43. Rg8 Kb5 44. Bg7 1-0

[Event "Mittelfranken-chTB2b 0809"]
[Site "Mittelfranken"]
[Date "2009.01.11"]
[Round "4.2"]
[White "Classen, Anton"]
[Black "Lechner, Hans Dieter"]
[Result "1-0"]
[WhiteElo "1788"]
[BlackElo "1787"]
[PlyCount "59"]
[EventDate "2008.10.12"]
[EventType "team"]
[EventRounds "9"]
[EventCountry "GER"]
[SourceTitle "EXT 2011"]
[Source "ChessBase"]
[SourceDate "2010.11.26"]
[SourceVersion "1"]
[SourceVersionDate "2010.11.26"]
[SourceQuality "1"]
[WhiteTeam "Buechenbach/Roth II"]
[BlackTeam "Bechhofen II"]
[WhiteTeamCountry "GER"]
[BlackTeamCountry "GER"]

1. e4 c5 2. f4 d5 3. exd5 Qxd5 4. Nc3 Qd8 5. Bb5+ Bd7 6. Bxd7+ Qxd7 7. Nf3 Nc6 8. 0-0 e6 9. d3 Nf6 10. Kh1 Be7 11. Ne5 Qc8 12. Be3 Nd4 13. Ne4 Nf5 14. Bd2 h5 15. Rf3 Qc7 16. Rh3 g6 17. Bc3 Nd5 18. Bd2 Nd6 19. c4 Nxe4 20. dxe4 Nf6 21. Qe2 0-0-0 22. Nxf7 Rxd2 23. Qxd2 Rf8 24. Ng5 Rd8 25. Rd3 Rxd3 26. Qxd3 Ng4 27. Nh3 g5 28. g3 h4 29. Qf3 Qc6 30. Re1 1-0

[Event "Mittelfranken-chT 0405"]
[Site "Germany"]
[Date "2004.12.05"]
[Round "3.5"]
[White "Gillitzer, Gerhard"]
[Black "Lechner, Hans Dieter"]
[Result "0-1"]
[WhiteElo "1536"]
[BlackElo "1800"]
[PlyCount "42"]
[EventDate "2004.10.17"]
[EventType "team"]
[EventRounds "9"]
[EventCountry "GER"]
[SourceTitle "EXT 2007"]
[Source "ChessBase"]
[SourceDate "2006.11.23"]
[SourceVersion "1"]
[SourceVersionDate "2006.11.23"]
[SourceQuality "1"]

1. d4 Nf6 2. Nf3 d5 3. e3 g6 4. b3 Bg7 5. Bb2 0-0 6. Nbd2 Nbd7 7. Be2 c5 8. 0-0 b6 9. c4 Bb7 10. Rc1 Rc8 11. Rc2 cxd4 12. Bxd4 Re8 13. Qa1 dxc4 14. Rxc4 Rxc4 15. Nxc4 Qa8 16. Rd1 Rc8 17. Qb2 Be4 18. Rd2 h6 19. h3 Nc5 20. Nce5 Ne6 21. Bc3 Nd5 0-1